Efecto de taninos condensados suministrados con suplementos de baja calidad sobre los niveles séricos de urea y la selección de dietas con diferente nivel de proteína en ovinos /

Guardado en:
Autor Principal: Puthod, Gastón.
Autor Corporativo: Universidad Nacional del Sur. Departamento de Agronomía.
Otros Autores: Fernández, Hebe Tania, (tutor.)
Formato: Libro
Idioma:Spanish
Publicado: Bahía Blanca, 2013.
Etiquetas: Agregar Etiqueta
Sin Etiquetas, Sea el primero en etiquetar este registro!
LEADER 00812nam a22001695a 4500
001 EEA.libagro009152
005 20180530091233.0
008 130809s2013####ag#a##########000#0#spa#d
082 0 4 |a 636.3085 
100 1 |a Puthod, Gastón. 
245 1 0 |a Efecto de taninos condensados suministrados con suplementos de baja calidad sobre los niveles séricos de urea y la selección de dietas con diferente nivel de proteína en ovinos /  |c Gastón Puthod. 
260 |a Bahía Blanca,  |c 2013. 
300 |a 37 h. :  |b il. ;  |c 30 cm. 
500 |a Trabajo de intensificación (Ingeniero Agrónomo) -- Universidad Nacional del Sur. Departamento de Agronomía, 2013. 
700 1 |a Fernández, Hebe Tania,  |e tutor. 
710 2 |a Universidad Nacional del Sur.  |b Departamento de Agronomía. 
859 |a AR-BbBCA  |b BIB. AGRONOMIA  |h 636.3085  |i P988  |p 2013/6217